| 000 -LEADER |
| fixed length control field |
00500cam a2200181u 4500 |
| 040 ## - CATALOGING SOURCE |
| Transcribing agency |
CarP |
| 082 ## - DEWEY DECIMAL CLASSIFICATION NUMBER |
| Classification number |
631 EYR 1969 A038 Or. |
| 100 1# - MAIN ENTRY--AUTHOR NAME |
| Personal name |
Poirée, Maurice Armand Auguste. [from old catalog] |
| 245 10 - TITLE STATEMENT |
| Title |
Assainissement agricole, |
| 250 ## - EDITION STATEMENT |
| Edition statement |
3e édition corrigée et mise à jour. |
| 260 ## - PUBLICATION, DISTRIBUTION, ETC. (IMPRINT) |
| Place of publication |
Paris, |
| Name of publisher |
Eyrolles, |
| Year of publication |
1969. |
| 300 ## - PHYSICAL DESCRIPTION |
| Number of Pages |
p. cm. |
| 650 #0 - SUBJECT ADDED ENTRY--TOPICAL TERM |
| Topical Term |
Drainage. |
| 650 #0 - SUBJECT ADDED ENTRY--TOPICAL TERM |
| Topical Term |
Rivers |
| 650 #0 - SUBJECT ADDED ENTRY--TOPICAL TERM |
| Topical Term |
Reclamation of land. |
| 700 1# - ADDED ENTRY--PERSONAL NAME |
| Personal name |
Ollier, Charles, [from old catalog] |
| 942 ## - ADDED ENTRY ELEMENTS (KOHA) |
| Koha item type |
សៀវភៅភាសាបារាំង |
| 952 ## - LOCATION AND ITEM INFORMATION (KOHA) |
| Withdrawn status [LOCAL, KOHA] |
0 |